000 01029nam a2200301 a 4500
001 C01227851c-7
003 CO-ViMGA
005 20230915232207.0
008 091124s2008 sp a jr 0001j spa d
020 _a9788426137036
040 _aCO-ViMGA
_bspa
_cCO-ViMGA
041 1 _heng
043 _ae-uk-en
082 0 4 _aI823.91
_bC17b
100 1 _aCatchpool, Michael.
_91860
245 1 3 _aEl barco del abuelo /
_cMichael Catchpool ; ilustraciones de Sophy Williams ; traducción de María Lucchetti.
260 3 _aBarcelona :
_bEditorial Juventud,
_c2008.
300 _a26 p. :
_bil. ;
_c28 cm.
534 _pTítulo original :
_tGrandpa's boat.
650 1 4 _aBarcos
_v Cuentos infantiles.
_91863
650 1 4 _aCuentos infantiles ingleses.
_9103
650 6 _aAbuelos y nietos
_v Cuentos infantiles.
_91862
650 6 _aAbuelos
_v Cuentos infantiles.
_91861
650 6 _aLibros ilustrados para niños.
_987
700 1 _aLucchetti, María,
_etr.
_91865
700 1 _aWilliams, Sophy,
_eil.
_91864
942 _2ddc
_cBK
999 _c3441
_d3441